| 000 | 00854nam a2200337Ia 4500 | ||
|---|---|---|---|
| 001 | 1371 | ||
| 005 | 20240113233455.0 | ||
| 007 | ta | ||
| 008 | 050203s1998 a g b000 u eng u | ||
| 020 | _cRs.15,000.00 (HB) | ||
| 040 | _aRef.Stack | ||
| 041 | _aeng | ||
| 082 |
_a954.16203 _bHu 95 En |
||
| 100 | _aHusain, Majid . | ||
| 245 | 0 |
_aEncyclopaedia of North - East India / _cMajid Husain. _hTextual Documents |
|
| 260 |
_aNew Delhi : _bRima Publishing House , _c1998. |
||
| 300 |
_a109p. : _bill ; _c28cm. . |
||
| 362 | _aVol.I- | ||
| 365 | _aRs.15,000.00 | ||
| 653 | _aEncyclopaedia - North East India | ||
| 942 |
_2ddc _cBK |
||
| 999 |
_c1368 _d1368 |
||